00944nam a2200241 i 450000100060000000300090000600500170001500700030003200800410003502000170007608000160009310000320010924501370014126000560027830000220033449000250035665000400038171000760042183000330049785200330053099900170056395201220058014942ES-MaACL20230906150937.0t|991122s1999 sp ||||1| spa d a84-4511633-9 a343.54(460)1 aRoig, Encarnación.99900110aEstudio sociológico sobre los reclusos por delitos contra la libertad sexual / cinvestigación realizada por Encarnación Roig. aMadrid : bDirección General de la Mujer, c1999. a325 p. ; c22 cm.1 aPublicaciones ; v12 4aDelitos sexuales-zEspaña.9115631 aMadrid (Comunidad Autónoma). bDirección General de la Mujer.956150 aPublicaciones ; v129179698 aES-MaACLjL-22199 bR.127591 c14942d14942 00104070aATENEOMbATENEOMcDEPO2d2008-01-17eSCl0oL-22199p1015193r2023-02-23 00:00:00w2023-02-23yMONOGRAFIA